000
00279nam a2200109Ia 4500
008
200302s9999 xx 000 0 und d
100
_a
James Steele
245
_a
Hellenistic Architecture In Asia Minor
260
_b
Academy Editions Group Ltd.
260
_c
1992
300
_a
251 P.,
999
_c
2149
_d
2149